[Event "Dulles Cherry Blossom op"]
[Site "Dulles"]
[Date "2022.05.29"]
[Round "6"]
[White "Ruiz Castillo, Joshua Daniel"]
[Black "Steingrimsson, Hedinn"]
[Result "1-0"]
[WhiteElo "2473"]
[BlackElo "2534"]
[PlyCount "87"]
[EventDate "2022.05.26"]
[EventType "swiss"]
[EventRounds "9"]
[EventCountry "USA"]
[SourceTitle "CBM 208 Extra"]
[Source "ChessBase"]
[SourceDate "2022.07.31"]
[SourceVersion "1"]
[SourceVersionDate "2022.07.31"]
[SourceQuality "1"]

1. e4 e5 2. Nf3 Nc6 3. Bb5 Nf6 4. Qe2 Bd6 5. c3 0-0 6. 0-0 Re8 7. Rd1 h6 8. d3 Bf8 9. Nbd2 d5 10. Nf1 a6 11. Ba4 b5 12. Bc2 d4 13. Ng3 Rb8 14. h3 Be6 15. Bb3 Bd7 16. Qc2 Rb6 17. Bd2 a5 18. a3 a4 19. Ba2 dxc3 20. bxc3 Bd6 21. c4 b4 22. axb4 Nxb4 23. Bxb4 Rxb4 24. c5 Bf8 25. Qc3 Rb5 26. Nxe5 Rxc5 27. Bxf7+ Kh7 28. Bg6+ Kg8 29. Nc4 Re7 30. d4 Rg5 31. Ne5 c5 32. Bf5 Bxf5 33. Nc6 Rxg3 34. fxg3 cxd4 35. Rxd4 Qb6 36. Nxe7+ Bxe7 37. exf5 a3 38. Kh2 Kh7 39. Ra4 Bd6 40. R1xa3 Nh5 41. Ra6 Qb8 42. Rxd6 Qxd6 43. Qd3 Qf6 44. Ra6 1-0

[Event "Saint Louis Congress GM"]
[Site "Saint Louis"]
[Date "2022.05.23"]
[Round "8"]
[White "Brodsky, David"]
[Black "Ruiz Castillo, Joshua Daniel"]
[Result "1-0"]
[WhiteElo "2484"]
[BlackElo "2473"]
[PlyCount "51"]
[EventDate "2022.05.19"]
[EventType "tourn"]
[EventRounds "9"]
[EventCountry "USA"]
[EventCategory "9"]
[SourceTitle "CBM 208 Extra"]
[Source "ChessBase"]
[SourceDate "2022.07.31"]
[SourceVersion "1"]
[SourceVersionDate "2022.07.31"]
[SourceQuality "1"]

1. e4 c5 2. Nf3 Nc6 3. d4 cxd4 4. Nxd4 e6 5. Nc3 Nf6 6. Nxc6 bxc6 7. e5 Nd5 8. Ne4 Qc7 9. f4 Qb6 10. c4 Bb4+ 11. Ke2 f5 12. Nf2 Ba6 13. Kf3 Ne7 14. Be3 Bc5 15. Bxc5 Qxc5 16. Qa4 Bb7 17. h4 Qb6 18. Qa3 c5+ 19. Kg3 h6 20. Rd1 a5 21. Be2 Qc7 22. Rd2 Kf7 23. Rhd1 Rhd8 24. Nd3 Rac8 25. h5 Kg8 26. Nxc5 1-0

[Event "Richardson DCC 04"]
[Site "Richardson"]
[Date "2022.04.17"]
[Round "6"]
[White "Ruiz Castillo, Joshua Daniel"]
[Black "Escalante Ramirez, Brian Sebastian"]
[Result "1-0"]
[WhiteElo "2454"]
[BlackElo "2483"]
[PlyCount "117"]
[EventDate "2022.04.14"]
[EventType "swiss"]
[EventRounds "9"]
[EventCountry "USA"]
[SourceTitle "CBM 207 Extra"]
[Source "ChessBase"]
[SourceDate "2022.05.31"]
[SourceVersion "1"]
[SourceVersionDate "2022.05.31"]
[SourceQuality "1"]

1. e4 e6 2. d4 d5 3. e5 c5 4. c3 Nc6 5. Nf3 Bd7 6. a3 c4 7. Nbd2 Na5 8. h4 Bc6 9. g3 Qd7 10. Bh3 Ba4 11. Qe2 0-0-0 12. 0-0 Kb8 13. Ne1 Ne7 14. h5 Nec6 15. Rb1 Be7 16. Ndf3 h6 17. Ng2 Rdg8 18. Nh2 Qe8 19. Kh1 Ka8 20. f4 g6 21. hxg6 Rxg6 22. g4 Rgg8 23. Nf3 Nb8 24. f5 Bg5 25. f6 Nd7 26. Nf4 Bxf4 27. Bxf4 Nf8 28. Rf2 Nh7 29. Rh2 Ng5 30. Bxg5 hxg5 31. Rg1 Qf8 32. Qf1 Qh6 33. Qb1 Nb3 34. Kg2 Qf8 35. Rgh1 Rh6 36. Kg3 Qb8 37. Kf2 Rgh8 38. Bg2 Rxh2 39. Rxh2 Rxh2 40. Nxh2 Qh8 41. Nf3 a5 42. Qe1 Qh7 43. Kg3 Qd3 44. Kh2 Qh7+ 45. Kg3 Qd3 46. Bf1 Qg6 47. Qe3 Qb1 48. Nxg5 Qxf1 49. Nxf7 Nc1 50. Nd6 Ne2+ 51. Kh4 Qh1+ 52. Kg5 Bd1 53. Kg6 Bc2+ 54. Kf7 Qh7+ 55. Kxe6 Bd3 56. f7 Qg7 57. Ke7 Kb8 58. Qf3 Kc7 59. Ne8+ 1-0

[Event "San Jose Mission 360 GM/IM 3rd"]
[Site "San Jose"]
[Date "2022.04.09"]
[Round "7"]
[White "Ruiz Castillo, Joshua Daniel"]
[Black "Mei, Austin"]
[Result "1-0"]
[WhiteElo "2454"]
[BlackElo "2336"]
[PlyCount "83"]
[EventDate "2022.04.06"]
[EventType "tourn"]
[EventRounds "9"]
[EventCountry "USA"]
[EventCategory "7"]
[SourceTitle "CBM 207 Extra"]
[Source "ChessBase"]
[SourceDate "2022.05.31"]
[SourceVersion "1"]
[SourceVersionDate "2022.05.31"]
[SourceQuality "1"]

1. d4 Nf6 2. c4 g6 3. Nc3 Bg7 4. e4 0-0 5. Be3 d6 6. h3 c5 7. Nf3 cxd4 8. Nxd4 Nc6 9. Be2 Nxd4 10. Bxd4 Be6 11. Rc1 Qa5 12. 0-0 Rfc8 13. b3 a6 14. f4 b5 15. f5 Bd7 16. Bxf6 Bxf6 17. Nd5 Bc6 18. Nxf6+ exf6 19. fxg6 hxg6 20. Qxd6 Qxa2 21. Qxf6 Be8 22. Bg4 Rc6 23. Qc3 bxc4 24. bxc4 Rb8 25. e5 Qb2 26. Qe3 Rb3 27. Qf4 Rd3 28. Bf3 Rc5 29. Bd5 Qd4+ 30. Qxd4 Rxd4 31. Rb1 Bc6 32. Rb8+ Kg7 33. Rxf7+ Kh6 34. Rc7 Bxd5 35. Rxc5 Bxc4 36. Rb4 Rd1+ 37. Kh2 Bd5 38. Rh4+ Kg5 39. Rg4+ Kf5 40. e6 Kxe6 41. Rxg6+ Kf7 42. Rd6 1-0

[Event "San Jose Mission 360 GM/IM 3rd"]
[Site "San Jose"]
[Date "2022.04.08"]
[Round "5"]
[White "Ruiz Castillo, Joshua Daniel"]
[Black "Malicka, Maria"]
[Result "1/2-1/2"]
[WhiteElo "2454"]
[BlackElo "2329"]
[PlyCount "88"]
[EventDate "2022.04.06"]
[EventType "tourn"]
[EventRounds "9"]
[EventCountry "USA"]
[EventCategory "7"]
[SourceTitle "CBM 207 Extra"]
[Source "ChessBase"]
[SourceDate "2022.05.31"]
[SourceVersion "1"]
[SourceVersionDate "2022.05.31"]
[SourceQuality "1"]

1. b3 e5 2. Bb2 Nc6 3. c4 Nf6 4. e3 Be7 5. Nf3 e4 6. Nd4 Nxd4 7. Bxd4 0-0 8. Nc3 b6 9. Qc2 Bb7 10. d3 Re8 11. Bxf6 Bxf6 12. d4 c5 13. dxc5 bxc5 14. Rc1 Be5 15. Be2 Qh4 16. g3 Qg5 17. 0-0 f5 18. Rfd1 f4 19. Nxe4 fxg3 20. Nxg3 Bxg3 21. hxg3 Qh6 22. Rd5 Bxd5 23. cxd5 d6 24. Bg4 Qg5 25. Be6+ Kh8 26. Kg2 Rf8 27. Rh1 g6 28. Rh4 Kg7 29. Ra4 a5 30. Qd2 Qf6 31. f4 Qd8 32. e4 Qf6 33. Rxa5 Qd4 34. Qxd4+ cxd4 35. Rb5 Rxa2+ 36. Kf3 h5 37. Rb7+ Kf6 38. Rb6 Rd8 39. g4 hxg4+ 40. Bxg4 Ke7 41. Rb7+ Kf6 42. Rb6 Ke7 43. Be6 Kf6 44. Bg4 Ke7 1/2-1/2

[Event "San Jose Mission 360 GM/IM 3rd"]
[Site "San Jose"]
[Date "2022.04.07"]
[Round "2"]
[White "Berczes, David"]
[Black "Ruiz Castillo, Joshua Daniel"]
[Result "1/2-1/2"]
[WhiteElo "2434"]
[BlackElo "2454"]
[PlyCount "25"]
[EventDate "2022.04.06"]
[EventType "tourn"]
[EventRounds "9"]
[EventCountry "USA"]
[EventCategory "7"]
[SourceTitle "CBM 207 Extra"]
[Source "ChessBase"]
[SourceDate "2022.05.31"]
[SourceVersion "1"]
[SourceVersionDate "2022.05.31"]
[SourceQuality "1"]

1. d4 Nf6 2. c4 e6 3. Nf3 b6 4. g3 Ba6 5. b3 Bb4+ 6. Bd2 Be7 7. Bg2 0-0 8. 0-0 c6 9. Bc3 d5 10. Nbd2 Nbd7 11. Re1 c5 12. e4 dxe4 13. Ng5 1/2-1/2

[Event "San Jose Mission 360 GM/IM 3rd"]
[Site "San Jose"]
[Date "2022.04.07"]
[Round "3"]
[White "Ruiz Castillo, Joshua Daniel"]
[Black "Kavutskiy, Konstantin"]
[Result "1-0"]
[WhiteElo "2454"]
[BlackElo "2395"]
[PlyCount "95"]
[EventDate "2022.04.06"]
[EventType "tourn"]
[EventRounds "9"]
[EventCountry "USA"]
[EventCategory "7"]
[SourceTitle "CBM 207 Extra"]
[Source "ChessBase"]
[SourceDate "2022.05.31"]
[SourceVersion "1"]
[SourceVersionDate "2022.05.31"]
[SourceQuality "1"]

1. d4 Nf6 2. c4 g6 3. Nc3 Bg7 4. e4 d6 5. h3 Nbd7 6. Be3 e5 7. d5 h5 8. Bd3 Bh6 9. Bxh6 Rxh6 10. Qd2 Rh8 11. Nge2 h4 12. Bc2 Kf8 13. 0-0-0 Kg7 14. Rdf1 a6 15. f4 exf4 16. Rxf4 Ne5 17. Rhf1 Nh5 18. R4f2 Bd7 19. Kb1 Qe7 20. Nd1 b5 21. Qc3 Rhf8 22. Ne3 Rab8 23. Bb3 Kg8 24. Rc1 bxc4 25. Bxc4 Bb5 26. Bxb5 Rxb5 27. b3 Rc5 28. Qd4 Rxc1+ 29. Nxc1 Ng3 30. Rc2 Rb8 31. Qa7 Rb4 32. Rxc7 Qg5 33. Nc2 Rxe4 34. Qxa6 Nf5 35. a4 Qd2 36. a5 Kg7 37. Qb5 Nd4 38. Nxd4 Qxd4 39. a6 Re1 40. Qa4 Qe3 41. Rc2 Nd3 42. Qa1+ Kh7 43. Qc3 Qe4 44. a7 Nxc1 45. a8Q Nd3+ 46. Ka2 f6 47. Qa7+ Kh6 48. Qad4 1-0

[Event "North American op 31st"]
[Site "Las Vegas"]
[Date "2021.12.29"]
[Round "7"]
[White "Zeltsan, Joseph"]
[Black "Ruiz Castillo, Joshua Daniel"]
[Result "1-0"]
[WhiteElo "2325"]
[BlackElo "2480"]
[PlyCount "58"]
[EventDate "2021.12.26"]
[EventType "swiss"]
[EventRounds "9"]
[EventCountry "USA"]
[SourceTitle "CBM 205 Extra"]
[Source "ChessBase"]
[SourceDate "2022.01.31"]
[SourceVersion "1"]
[SourceVersionDate "2022.01.31"]
[SourceQuality "1"]

1. e4 c5 2. Nf3 d6 3. d4 cxd4 4. Nxd4 Nf6 5. Nc3 a6 6. Bg5 Nbd7 7. Bc4 Qb6 8. Bb3 e6 9. f4 h6 10. Bxf6 Nxf6 11. Qd2 Be7 12. 0-0-0 Bd7 13. Kb1 Qc7 14. f5 e5 15. Nf3 Bc6 16. Qe2 Rc8 17. g4 b5 18. a3 Qb7 19. Nd5 a5 20. h4 Nxg4 21. Ng5 hxg5 22. hxg5 Rxh1 23. Rxh1 a4 24. Ba2 b4 25. axb4 Bxd5 26. Bxd5 Qxb4 27. Qxg4 a3 28. Bb3 Ra8 29. f6 Qd4 1-0